[Event "1. liga V 24/25, BSS-Jundrov"]
[Site ""]
[Date "2024.12.08"]
[Round "4.6"]
[White "Kuchar, Matej"]
[Black "Paseka, Matyas"]
[Result "0-1"]
[WhiteFideId "358207"]
[BlackFideId "23703296"]
[WhiteElo "2027"]
[BlackElo "2228"]
[PlyCount "0"]
[WhiteTeam "Jezdci Jundrov"]
[BlackTeam "BSS Frydek-Mistek B"]
[EventDate "2024.10.20"]

1. e4 c5 2. Nf3 d6 3. d4 cxd4 4. Nxd4 Nf6 5. Nc3 a6 6. Be3 e5 7. Nb3 Be6 8. f4
exf4 9. Bxf4 Nc6 10. Qe2 Nd7 11. O-O-O Nce5 12. h3 Be7 13. Kb1 Rc8 14. Nd5
Bxd5 15. exd5 O-O 16. g4 Re8 17. Qg2 Bg5 18. Bg3 Bf6 19. Bf2 Qc7 20. Bd4 Nc4
21. Bxc4 Qxc4 22. Rd2 Bg5 23. Rf2 Bh4 24. Rd2 Be1 25. Bc3 Bxd2 26. Qxd2 Ne5
27. Qg2 Ng6 28. Rd1 Nf4 29. Qh1 Ne2 30. Rd3 Nxc3+ 31. Rxc3 Qe2 32. Rxc8 Rxc8
33. Qc1 Qf3 34. Nd4 Qf2 35. Nf5 Re8 0-1

[Event "1. liga V 24/25, BSS-Jundrov"]
[Site ""]
[Date "2024.12.08"]
[Round "4.7"]
[White "Nytra, Ondrej"]
[Black "Kociscakova, Alexandra"]
[Result "1-0"]
[WhiteFideId "371955"]
[BlackFideId "14912511"]
[WhiteElo "2238"]
[BlackElo "2021"]
[PlyCount "0"]
[WhiteTeam "BSS Frydek-Mistek B"]
[BlackTeam "Jezdci Jundrov"]
[EventDate "2024.10.20"]

1. e4 e6 2. d4 d5 3. e5 c5 4. c3 Nc6 5. Nf3 Qb6 6. a3 cxd4 7. cxd4 f6 8. exf6
Nxf6 9. Be2 Bd6 10. O-O O-O 11. Nc3 Bd7 12. Na4 Qc7 13. Bg5 Ne4 14. Bh4 b5 15.
Bxb5 Rxf3 16. gxf3 Bxh2+ 17. Kg2 Qf4 18. fxe4 Qxh4 19. Qd3 Bf4 20. Rh1 Qg5+
21. Kf1 dxe4 22. Qxe4 Qxb5+ 23. Kg2 Qd5 24. Qxd5 exd5 25. Nc5 Bf5 26. b4 Nxd4
27. Rad1 Be5 28. Rh4 Ne6 29. Rxd5 Bf6 30. Rxf5 Nxc5 31. Rc4 Ne6 32. Ra5 Bd4
33. Ra6 Bb6 34. Rc6 Nd4 35. Rcxb6 1-0

[Event "1. liga V 24/25, BSS-Jundrov"]
[Site ""]
[Date "2024.12.08"]
[Round "4.8"]
[White "Tovarek, Antonin"]
[Black "Holeksa, Zdenek"]
[Result "0-1"]
[WhiteFideId "384682"]
[BlackFideId "316261"]
[WhiteElo "1989"]
[BlackElo "2301"]
[PlyCount "0"]
[WhiteTeam "Jezdci Jundrov"]
[BlackTeam "BSS Frydek-Mistek B"]
[EventDate "2024.10.20"]

1. e4 c5 2. Nf3 d6 3. d4 cxd4 4. Nxd4 Nf6 5. Nc3 g6 6. Be3 Bg7 7. Qd2 Ng4 8.
Bb5+ Bd7 9. Bxd7+ Qxd7 10. Bg5 h6 11. Bh4 Nc6 12. Nce2 Rc8 13. c3 Nge5 14.
Nxc6 bxc6 15. Bg3 Qe6 16. O-O h5 17. Nd4 Qc4 18. b3 Qd3 19. Rad1 Qxd2 20. Rxd2
c5 21. Ne2 c4 22. Bxe5 Bxe5 23. b4 g5 24. a4 Kd7 25. Rb1 a6 26. Ra2 Ra8 27.
Rd2 Rhb8 28. Rbd1 Rg8 29. Rd5 Kc7 30. R5d2 g4 31. Rc2 h4 32. Nd4 e6 33. Rf1
Bxd4 34. cxd4 d5 35. f3 g3 36. h3 Rab8 37. Rb1 Rb7 38. Kf1 Rgb8 39. Rcb2 Kd6
40. b5 axb5 41. axb5 Ra8 42. Ke2 Ra3 43. Rc2 Kc7 44. exd5 exd5 45. Re1 Kd6 46.
Kd1 Rxb5 47. Re8 Rd3+ 48. Rd2 Rb1+ 49. Ke2 Rxd2+ 50. Kxd2 Rb2+ 51. Kc3 Rxg2 0-1

[Event "1. liga V 24/25, Poruba-Trinec"]
[Site ""]
[Date "2024.12.08"]
[Round "4.1"]
[White "Niedbala, Bartlomiej"]
[Black "Langner, Ladislav"]
[Result "1-0"]
[WhiteFideId "21834008"]
[BlackFideId "300403"]
[WhiteElo "2382"]
[BlackElo "2359"]
[PlyCount "0"]
[WhiteTeam "SK Slavoj Poruba B"]
[BlackTeam "TJ TZ Trinec"]
[EventDate "2024.10.20"]

1. e4 c5 2. Nf3 e6 3. d4 cxd4 4. Nxd4 Nf6 5. Nc3 Nc6 6. Nxc6 bxc6 7. e5 Nd5 8.
Ne4 f5 9. Nd6+ Bxd6 10. exd6 c5 11. Qh5+ g6 12. Qh6 Qf6 13. Be2 Nb4 14. Qd2 Qd4
15. c3 Qxd2+ 16. Kxd2 Nc6 17. b3 Bb7 18. Ba3 Nd8 19. Bxc5 Bxg2 20. Rhg1 Bc6 21.
Bd4 O-O 22. c4 f4 23. Bd3 Nf7 24. Bf6 Nh6 25. Be5 Nf7 26. Rae1 Nxe5 27. Rxe5
Kg7 28. Kc3 Kf6 29. Kd4 Rg8 30. b4 g5 31. b5 Bf3 32. c5 g4 33. Be4 Bxe4 34.
Rxe4 Kf5 35. Re5+ Kf6 36. Rge1 Rg5 37. Rxg5 Kxg5 38. c6 a6 39. cxd7 axb5 40.
Rxe6 Rd8 41. Re7 h5 42. Ke4 1-0

[Event "1. liga V 24/25, Poruba-Trinec"]
[Site ""]
[Date "2024.12.08"]
[Round "4.2"]
[White "Fargac, Martin"]
[Black "Barski, Radoslaw"]
[Result "1-0"]
[WhiteFideId "345245"]
[BlackFideId "1131710"]
[WhiteElo "2383"]
[BlackElo "2387"]
[PlyCount "0"]
[WhiteTeam "TJ TZ Trinec"]
[BlackTeam "SK Slavoj Poruba B"]
[EventDate "2024.10.20"]

1. d4 Nf6 2. c4 g6 3. Nc3 Bg7 4. e4 d6 5. f4 O-O 6. Nf3 c5 7. d5 e6 8. dxe6
fxe6 9. Bd3 Nc6 10. O-O b6 11. Ng5 e5 12. f5 Nd4 13. fxg6 hxg6 14. Qe1 Nh5 15.
Rxf8+ Bxf8 16. Nd5 Be7 17. h4 Bg4 18. Be3 Qd7 19. Qd2 Rf8 20. Rf1 Rxf1+ 21.
Bxf1 Bxg5 22. Bxg5 Bf3 23. Qf2 Qg4 24. Be3 Bxe4 25. Ne7+ Kg7 26. Bh6+ 1-0

[Event "1. liga V 24/25, Poruba-Trinec"]
[Site ""]
[Date "2024.12.08"]
[Round "4.3"]
[White "Velicka, Petr"]
[Black "Zvarik, Martin"]
[Result "1-0"]
[WhiteFideId "300659"]
[BlackFideId "14908565"]
[WhiteElo "2328"]
[BlackElo "2175"]
[PlyCount "0"]
[WhiteTeam "SK Slavoj Poruba B"]
[BlackTeam "TJ TZ Trinec"]
[EventDate "2024.10.20"]

1. e4 e5 2. Nf3 Nc6 3. Bb5 Nge7 4. d4 exd4 5. Nxd4 Nxd4 6. Qxd4 c6 7. Bc4 Qb6
8. Be3 Qxd4 9. Bxd4 d6 10. O-O Be6 11. Bxe6 fxe6 12. c4 Ng6 13. Nc3 Be7 14.
Rad1 Rg8 15. b3 Nf4 16. g3 g5 17. e5 c5 18. Be3 dxe5 19. Kh1 Nh5 20. Nb5 Rc8
21. Nxa7 Ra8 22. Nb5 Rxa2 23. Nd6+ Bxd6 24. Rxd6 Rg6 25. Rfd1 Nf6 26. Rxe6+ Kf7
27. Rxe5 Ng4 28. Rd7+ Kf6 29. Rxc5 Nxe3 30. fxe3 b6 31. Rd6+ Kg7 32. Rcc6 Ra1+
33. Kg2 Ra2+ 34. Kf3 g4+ 35. Ke4 Rxd6 36. Rxd6 b5 37. cxb5 Rxh2 38. b6 1-0

[Event "1. liga V 24/25, Poruba-Trinec"]
[Site ""]
[Date "2024.12.08"]
[Round "4.4"]
[White "Tymrakiewicz, Rafal"]
[Black "Walter, Szymon"]
[Result "1/2-1/2"]
[WhiteFideId "1108832"]
[BlackFideId "1172590"]
[WhiteElo "2167"]
[BlackElo "2319"]
[PlyCount "0"]
[WhiteTeam "TJ TZ Trinec"]
[BlackTeam "SK Slavoj Poruba B"]
[EventDate "2024.10.20"]

1. e4 c5 2. Nf3 d6 3. Nc3 Nf6 4. g3 Nc6 5. Bg2 g6 6. d3 Bg7 7. Bg5 h6 8. Bd2 e5
9. O-O Be6 10. Ne1 d5 11. a3 dxe4 12. Nxe4 Nxe4 13. Bxe4 Qd7 14. Be3 Nd4 15.
Qd2 Rc8 16. Bg2 h5 17. Nf3 Bd5 18. Bxd4 1/2-1/2

[Event "1. liga V 24/25, Poruba-Trinec"]
[Site ""]
[Date "2024.12.08"]
[Round "4.5"]
[White "Malik, Jan"]
[Black "Frolik, Martin"]
[Result "1-0"]
[WhiteFideId "317500"]
[BlackFideId "304123"]
[WhiteElo "2239"]
[BlackElo "2118"]
[PlyCount "0"]
[WhiteTeam "SK Slavoj Poruba B"]
[BlackTeam "TJ TZ Trinec"]
[EventDate "2024.10.20"]

1. d4 d5 2. Nf3 e6 3. c3 c5 4. Bf4 Nc6 5. e3 Nf6 6. Nbd2 Be7 7. Bd3 O-O 8. Qe2
a6 9. O-O h6 10. dxc5 Bxc5 11. e4 Nh5 12. Be3 Bxe3 13. Qxe3 Nf6 14. e5 Nd7 15.
Nb3 Qb6 16. Qe2 Nc5 17. Bc2 Nxb3 18. Qd3 g6 19. axb3 Bd7 20. Qd2 Kg7 21. Ra4
Qd8 22. Rg4 Ne7 23. h4 h5 24. Rg3 Rh8 25. Qf4 Nf5 26. Bxf5 exf5 27. Rd1 Qb6 28.
Rxd5 Bc6 29. Rd6 Qxb3 30. Nd4 Qxb2 31. Qxf5 Qc1+ 32. Kh2 Rh6 33. Qf6+ Kg8 34.
Nf5 Be4 35. Qg7# 1-0

[Event "1. liga V 24/25, Poruba-Trinec"]
[Site ""]
[Date "2024.12.08"]
[Round "4.6"]
[White "Cupek, Martin"]
[Black "Neumann, Filip"]
[Result "0-1"]
[WhiteFideId "320935"]
[BlackFideId "375640"]
[WhiteElo "2117"]
[BlackElo "2163"]
[PlyCount "0"]
[WhiteTeam "TJ TZ Trinec"]
[BlackTeam "SK Slavoj Poruba B"]
[EventDate "2024.10.20"]

1. e4 c5 2. Nf3 e6 3. d4 cxd4 4. Nxd4 Nf6 5. f3 d5 6. Bb5+ Bd7 7. Qe2 dxe4 8.
fxe4 Bxb5 9. Qxb5+ Qd7 10. Nc3 a6 11. Qb6 Be7 12. Bf4 Qc8 13. Bd6 Nbd7 14. Qb4
Bxd6 15. Qxd6 Qc5 16. Qxc5 Nxc5 17. e5 Ng4 18. Nf3 Nd7 19. Ne4 Ngxe5 20. Nxe5
Nxe5 21. O-O-O Ke7 22. Rhe1 f6 23. Nc5 b6 24. Nd3 Nxd3+ 25. cxd3 Rac8+ 26. Kd2
Rc6 27. Rc1 Rhc8 28. Rc3 Rxc3 29. bxc3 Rc5 30. Re2 Kd6 31. d4 Ra5 32. Kd3 b5
33. Rc2 Ra3 34. Kd2 Kd5 35. Kc1 Ra4 36. Kb2 Rc4 37. a3 a5 38. Re2 b4 39. cxb4
axb4 40. a4 Rc3 41. a5 Ra3 42. Rc2 Rxa5 43. Rc7 Kxd4 44. Rxg7 Rg5 45. Rf7 Rxg2+
46. Kb3 f5 47. Rxh7 f4 0-1

[Event "1. liga V 24/25, Poruba-Trinec"]
[Site ""]
[Date "2024.12.08"]
[Round "4.7"]
[White "Caletka, Radomir"]
[Black "Sikorova, Olga"]
[Result "1/2-1/2"]
[WhiteFideId "321133"]
[BlackFideId "307033"]
[WhiteElo "2172"]
[BlackElo "2151"]
[PlyCount "0"]
[WhiteTeam "SK Slavoj Poruba B"]
[BlackTeam "TJ TZ Trinec"]
[EventDate "2024.10.20"]

1. e4 e6 2. d4 d5 3. Nd2 c5 4. exd5 Qxd5 5. dxc5 Bxc5 6. Ngf3 Nf6 7. Bc4 Qc6 8.
O-O O-O 9. Qe2 Nbd7 10. a4 Nb6 11. Ne5 Qc7 12. Bd3 Nbd5 13. Ndf3 Bd6 14. c4 Ne7
15. Bd2 a5 16. Bc3 Ng6 17. Nxg6 hxg6 18. Rad1 Bd7 19. b3 Rfd8 20. Ne5 Be8 21.
Bb2 Nd7 22. Nf3 Nf6 23. g3 Qb6 24. Bc2 Bc5 25. Bc3 Rxd1 26. Rxd1 Rd8 27. Rxd8
Qxd8 28. Ne5 b6 29. Qf3 Nd7 30. Nxd7 Qxd7 31. Qa8 Qc6 32. Be4 1/2-1/2

[Event "1. liga V 24/25, Poruba-Trinec"]
[Site ""]
[Date "2024.12.08"]
[Round "4.8"]
[White "Pilch, Roman"]
[Black "Krajina, Ales"]
[Result "1/2-1/2"]
[WhiteFideId "337870"]
[BlackFideId "302112"]
[WhiteElo "2179"]
[BlackElo "2129"]
[PlyCount "0"]
[WhiteTeam "TJ TZ Trinec"]
[BlackTeam "SK Slavoj Poruba B"]
[EventDate "2024.10.20"]

1. d4 d5 2. Nf3 Bg4 3. Ne5 Bf5 4. c4 f6 5. Nf3 c6 6. Qb3 Qb6 7. Nc3 e6 8. c5
Qxb3 9. axb3 Na6 10. Ra4 Bc2 11. Nd2 Nc7 12. e3 Nh6 13. Be2 Be7 14. Bd1 Bd3 15.
Be2 Bxe2 16. Kxe2 e5 17. Kd3 e4+ 18. Ke2 f5 19. b4 Kd7 20. Nb3 a6 21. Ra1 Nb5
22. Bd2 Nf7 23. Nxb5 axb5 24. Rxa8 Rxa8 25. Ra1 Rc8 26. Ra7 Kc7 27. f3 h5 28.
fxe4 fxe4 29. Ra1 Nh6 30. Rf1 Rf8 31. Rxf8 Bxf8 32. Be1 1/2-1/2

[Event "1. liga V 24/25, Orlova-Morenda"]
[Site ""]
[Date "2024.12.08"]
[Round "4.1"]
[White "Zylka, Stanislaw"]
[Black "Polak, Tomas"]
[Result "0-1"]
[WhiteFideId "1189654"]
[BlackFideId "300560"]
[WhiteElo "2361"]
[BlackElo "2472"]
[PlyCount "0"]
[WhiteTeam "SK Slavia Orlova"]
[BlackTeam "Moravska Slavia Brno B"]
[EventDate "2024.10.20"]

1. e4 c6 2. d4 d5 3. exd5 cxd5 4. Bd3 Nc6 5. c3 Qc7 6. h3 e6 7. Nf3 Bd6 8. O-O
Nge7 9. Re1 Bd7 10. Nbd2 O-O 11. Bxh7+ Kxh7 12. Ng5+ Kg6 13. Ndf3 Rh8 14. Qd3+
f5 15. Nxe6 Bxe6 16. Rxe6+ Kf7 17. Ng5+ Kg8 18. Qf3 Rf8 19. Bd2 Rf6 20. Re2 Qd7
21. Rae1 f4 22. Ne6 Rhh6 23. Nc5 Qc7 24. b4 b6 25. Nd3 b5 26. a4 a6 27. axb5
axb5 28. Ra1 Qc8 29. Ne5 Bxe5 30. dxe5 Rf5 31. Bxf4 Qf8 32. g3 Rxh3 33. Qg2
Rfh5 34. Rea2 Qf5 35. e6 g5 36. Ra8+ Kg7 37. Be3 g4 38. Bf4 Qh7 39. Kf1 Qd3+
40. Kg1 Qf3 41. Qxf3 gxf3 42. g4 Rh1# 0-1

[Event "1. liga V 24/25, Orlova-Morenda"]
[Site ""]
[Date "2024.12.08"]
[Round "4.2"]
[White "Zeman, Matyas"]
[Black "Tomaszewski, Kacper"]
[Result "0-1"]
[WhiteFideId "364398"]
[BlackFideId "1127373"]
[WhiteElo "2327"]
[BlackElo "2341"]
[PlyCount "0"]
[WhiteTeam "Moravska Slavia Brno B"]
[BlackTeam "SK Slavia Orlova"]
[EventDate "2024.10.20"]

1. d4 Nf6 2. Bf4 e6 3. e3 Be7 4. Bd3 b6 5. Qf3 d5 6. Nd2 Bb7 7. g4 Nc6 8. g5
Nd7 9. Qg3 Rc8 10. c3 h6 11. Ngf3 hxg5 12. Nxg5 Bxg5 13. Bxg5 f6 14. Bg6+ Kf8
15. Bf4 Ne7 16. Rg1 Nxg6 17. Qxg6 Qe7 18. O-O-O Qf7 19. Qg3 Nb8 20. h4 Nc6 21.
f3 Ne7 22. e4 c5 23. Kb1 Kg8 24. Be3 Rh5 25. Rg2 cxd4 26. cxd4 Nc6 27. Rdg1 Rc7
28. Qd6 Rh7 29. exd5 exd5 30. Rg6 Rd7 31. Qf4 Kh8 32. h5 Ba6 33. a3 Ne7 (33...
Bd3+ 34. Ka1 Bxg6 35. hxg6) 34. Ka1 Bd3 35. R6g2 Nf5 36. Nb3 Re7 37. Bf2 Rxh5
38. Nc1 Bb5 39. Rh2 Rxh2 40. Qxh2+ Kg8 41. Qf4 Qh5 42. Qb8+ Kf7 43. Qf4 Bc4 44.
Rg4 Qh6 45. b3 Bf1 46. Kb2 Qxf4 47. Rxf4 Bh3 0-1

[Event "1. liga V 24/25, Orlova-Morenda"]
[Site ""]
[Date "2024.12.08"]
[Round "4.3"]
[White "Mrazek, Lumir"]
[Black "Roubalik, Jakub"]
[Result "0-1"]
[WhiteFideId "332127"]
[BlackFideId "322237"]
[WhiteElo "2333"]
[BlackElo "2316"]
[PlyCount "0"]
[WhiteTeam "SK Slavia Orlova"]
[BlackTeam "Moravska Slavia Brno B"]
[EventDate "2024.10.20"]

1. e4 e5 2. Nf3 Nc6 3. Bc4 Nf6 4. Qe2 Be7 5. O-O d6 6. h3 O-O 7. c3 Na5 8. Na3
Nxc4 9. Nxc4 Re8 10. d3 b6 11. Bg5 Ba6 12. Ne3 h6 13. Bh4 g6 14. Bxf6 Bxf6 15.
Nh2 c6 16. c4 h5 17. f4 exf4 18. Rxf4 Bg5 19. Rf2 d5 20. cxd5 Rxe4 21. dxe4
Bxe2 22. Rxe2 Bxe3+ 23. Rxe3 cxd5 24. Rd3 d4 25. Rad1 Rc8 26. Nf3 Qe7 27. Rxd4
Rc2 28. e5 Qc5 29. b4 Qc3 30. h4 Qe3+ 31. Kh1 Rxa2 32. R1d3 Qe2 33. Rd2 Rxd2
34. Rxd2 Qf1+ 35. Kh2 a5 36. bxa5 bxa5 37. Rd8+ Kg7 38. Rd7 Kf8 39. Kg3 Qb5 40.
Ra7 Qc5 41. Ra8+ Ke7 42. Kf4 Qc4+ 43. Ke3 Qb3+ 44. Kf4 Qb7 45. Rh8 a4 46. Nd4
Qd5 0-1

[Event "1. liga V 24/25, Orlova-Morenda"]
[Site ""]
[Date "2024.12.08"]
[Round "4.4"]
[White "Pisk, Petr"]
[Black "Kostka, Vit"]
[Result "1-0"]
[WhiteFideId "304689"]
[BlackFideId "349232"]
[WhiteElo "2295"]
[BlackElo "2194"]
[PlyCount "0"]
[WhiteTeam "Moravska Slavia Brno B"]
[BlackTeam "SK Slavia Orlova"]
[EventDate "2024.10.20"]

1. e4 c5 2. c3 e6 3. d4 cxd4 4. cxd4 d5 5. exd5 exd5 6. Nc3 Nf6 7. Bg5 Bb4 8.
Bb5+ Nc6 9. Nge2 h6 10. Bxf6 Qxf6 11. O-O Qd6 12. Qb3 Be6 13. f4 g6 14. f5 gxf5
15. Nf4 Kf8 16. Rad1 Rd8 17. Bxc6 bxc6 18. Na4 Ba5 19. Nc5 Bc8 20. Nb7 Bxb7 21.
Qxb7 Bb6 22. Kh1 Re8 23. Rc1 Bxd4 24. Rxc6 Rb8 25. Rxd6 Rxb7 26. b3 Be5 27.
Rxd5 Bxf4 28. Rxf4 Kg7 29. Rdxf5 Rd8 30. h3 Rd2 31. Rf2 Rxf2 32. Rxf2 Kg6 33.
Rf4 Rb5 34. Ra4 a5 35. Kh2 h5 36. Kg3 Rf5 37. Rf4 Rc5 38. Ra4 Rf5 39. Rc4 Rd5
40. Rc6+ f6 41. Rc4 Rf5 42. Rf4 Rc5 43. Ra4 Rf5 44. Kh4 Rc5 45. g4 hxg4 46.
hxg4 Kh6 47. Rc4 Rd5 48. Rc6 Kg6 49. Ra6 Rc5 50. Ra8 Kh6 51. Rh8+ Kg6 52. Rh5
f5 53. a3 (53. Rg5+ Kf6) 53... Rb5 54. Rg5+ Kf6 55. Kh5 Re5 56. Rg6+ Kf7 57. g5
a4 58. bxa4 Ra5 59. Rb6 Rxa4 60. Rb7+ Kg8 61. Kh6 Ra8 62. g6 f4 63. Rc7 f3 64.
Rg7+ Kh8 65. Rf7 1-0

[Event "1. liga V 24/25, Orlova-Morenda"]
[Site ""]
[Date "2024.12.08"]
[Round "4.5"]
[White "Lojek, Marek"]
[Black "Holemar, David"]
[Result "1/2-1/2"]
[WhiteFideId "358649"]
[BlackFideId "307009"]
[WhiteElo "2111"]
[BlackElo "2169"]
[PlyCount "0"]
[WhiteTeam "SK Slavia Orlova"]
[BlackTeam "Moravska Slavia Brno B"]
[EventDate "2024.10.20"]

1. e4 c5 2. Nf3 e6 3. g3 Nc6 4. Bg2 Nf6 5. Qe2 d5 6. exd5 Nxd5 7. Nc3 Be7 8.
O-O O-O 9. Rd1 Ndb4 10. d3 e5 11. a3 Nd4 12. Nxd4 exd4 13. axb4 dxc3 14. bxc5
Bxc5 15. d4 cxb2 16. Bxb2 Be7 17. c4 Re8 18. c5 Bf6 19. Qd3 Bg4 20. Re1 Qd7 21.
Rxe8+ Rxe8 22. Be4 Be6 23. Rxa7 Bd5 24. Bxd5 Qxd5 25. Ra1 h5 26. h4 g5 27. hxg5
Bxg5 28. Bc3 Bf6 29. f3 Kg7 30. Kf2 h4 31. Rg1 Kf8 32. g4 Be5 33. Rd1 Bf6 34.
Re1 Rxe1 35. Kxe1 h3 36. Kf2 Bh4+ 37. Kg1 Bg3 38. Bd2 Qa2 39. Qe3 Qb1+ 40. Bc1
Qa2 41. Qh6+ Kg8 42. Qg5+ 1/2-1/2

[Event "1. liga V 24/25, Orlova-Morenda"]
[Site ""]
[Date "2024.12.08"]
[Round "4.6"]
[White "Bures, Vit"]
[Black "Zabystrzan, Pavel"]
[Result "1/2-1/2"]
[WhiteFideId "309052"]
[BlackFideId "301337"]
[WhiteElo "2171"]
[BlackElo "2105"]
[PlyCount "0"]
[WhiteTeam "Moravska Slavia Brno B"]
[BlackTeam "SK Slavia Orlova"]
[EventDate "2024.10.20"]

1. d4 Nf6 2. c4 e6 3. Nc3 d5 4. cxd5 exd5 5. Bg5 Be7 6. e3 c6 7. Bd3 h6 8. Bf4
Nbd7 9. h3 a6 10. Nf3 b5 11. O-O Bb7 12. Rc1 O-O 13. Bb1 Rc8 14. Ne5 c5 15. Bf5
cxd4 16. exd4 b4 17. Na4 Rxc1 18. Qxc1 Nxe5 19. Bxe5 Ne4 20. Nc5 Nxc5 21. dxc5
Bc6 22. Bd4 Bf6 23. Qd2 a5 24. Re1 Bxd4 25. Qxd4 Re8 26. Re3 Rxe3 27. fxe3 Qe7
28. Bg4 Qe4 29. Kh2 Qxd4 30. exd4 g6 31. h4 f5 32. Bh3 Bd7 33. g3 Kg7 34. Kg1
Kf6 35. Kf2 g5 36. a3 bxa3 37. bxa3 Bb5 38. Bf1 Bxf1 39. Kxf1 Ke6 40. a4 Kd7
41. Kf2 1/2-1/2

[Event "1. liga V 24/25, Orlova-Morenda"]
[Site ""]
[Date "2024.12.08"]
[Round "4.7"]
[White "Walica, Roman"]
[Black "Kupsa, Matej"]
[Result "1/2-1/2"]
[WhiteFideId "358690"]
[BlackFideId "374040"]
[WhiteElo "2075"]
[BlackElo "2137"]
[PlyCount "0"]
[WhiteTeam "SK Slavia Orlova"]
[BlackTeam "Moravska Slavia Brno B"]
[EventDate "2024.10.20"]

1. e4 c5 2. Nf3 Nf6 3. Nc3 Nc6 4. d4 cxd4 5. Nxd4 e5 6. Ndb5 d6 7. Bg5 a6 8.
Bxf6 gxf6 9. Na3 f5 10. Qh5 b5 11. Naxb5 axb5 12. Bxb5 Bb7 13. Qxf5 Bg7 14. Rd1
O-O 15. Bxc6 Bxc6 16. Rd3 Bd7 17. Qh5 f5 18. Rxd6 Qc7 19. Qd1 Bc6 20. O-O Rad8
21. Rxd8 Rxd8 22. Qe2 fxe4 23. Nxe4 Kh8 24. Nc3 Qb7 25. Rd1 Rf8 26. Qg4 Qxb2
27. Qc4 Qxc2 28. f3 Qg6 29. Ne4 Ba8 30. Rd6 Qf5 31. a4 Rc8 32. Qf1 Qf4 33. Qd3
Qc1+ 34. Kf2 Bxe4 35. Rd8+ Bf8 36. Rxc8 Qxc8 37. Qxe4 Bc5+ 38. Kg3 Qg8+ 39. Qg4
Qf8 40. Qe6 Qf4+ 41. Kh3 Bf8 1/2-1/2

[Event "1. liga V 24/25, Orlova-Morenda"]
[Site ""]
[Date "2024.12.08"]
[Round "4.8"]
[White "Skacelik, Petr"]
[Black "Kubos, Rostislav"]
[Result "1-0"]
[WhiteFideId "307904"]
[BlackFideId "316938"]
[WhiteElo "2088"]
[BlackElo "2068"]
[PlyCount "0"]
[WhiteTeam "Moravska Slavia Brno B"]
[BlackTeam "SK Slavia Orlova"]
[EventDate "2024.10.20"]

1. d4 Nf6 2. c4 g6 3. Nc3 Bg7 4. e4 d6 5. f3 O-O 6. Be3 Nbd7 7. Qd2 c5 8. Nge2
Qa5 9. d5 a6 10. Nc1 b5 11. cxb5 Ne8 12. Nb3 Qb6 13. a4 axb5 14. axb5 Rxa1+ 15.
Nxa1 Qa5 16. Nc2 Nb6 17. Na3 Qb4 18. Be2 Nc7 19. O-O Bd7 20. Rc1 Ra8 21. Bg5
Bd4+ 22. Kf1 f6 23. Bh6 Be5 24. g3 Kf7 25. Be3 h5 26. Bd3 Bd4 27. Bxd4 cxd4 28.
Ncb1 Qxd2 29. Nxd2 Ra7 30. Nb3 Nca8 31. Nxd4 Ra4 32. Nc6 g5 1-0

[Event "1. liga V 24/25, Grygov-Duras"]
[Site ""]
[Date "2024.12.08"]
[Round "4.1"]
[White "Biolek, Richard"]
[Black "Shengelia, David"]
[Result "1/2-1/2"]
[WhiteFideId "319996"]
[BlackFideId "13601270"]
[WhiteElo "2415"]
[BlackElo "2462"]
[PlyCount "0"]
[WhiteTeam "A64 PROCLIENT Grygov"]
[BlackTeam "Duras Charlie's Street Brno"]
[EventDate "2024.10.20"]

1. e4 c5 2. c3 Nf6 3. e5 Nd5 4. Nf3 Nc6 5. Bc4 Nb6 6. Bb3 d5 7. exd6 Bf5 8. d4
exd6 9. O-O Be7 10. Na3 O-O 11. Bf4 d5 12. dxc5 Bxc5 13. Nb5 Rc8 14. Nbd4 Bg4
15. Qd3 Nxd4 16. cxd4 Bd6 17. Bxd6 Qxd6 18. Ne5 Bh5 19. Qh3 Bg6 20. Rac1 Be4
21. Qe3 Bf5 22. Qf4 Be6 23. Nd3 Qxf4 24. Nxf4 Nc4 25. Rfe1 Nxb2 26. Rb1 Nc4
27. Nxe6 fxe6 28. Rxe6 Nd2 29. Ra1 Nxb3 30. axb3 Rc2 31. f3 Rf4 32. Ra4 a6 33.
Rb4 h6 34. Rxb7 Rxd4 35. h4 Rc1+ 36. Kf2 Rd2+ 37. Re2 Rxe2+ 38. Kxe2 Rc2+ 39.
Kf1 d4 40. Rd7 Rb2 41. Rxd4 Rxb3 42. Rd7 a5 43. Ra7 Rb5 44. Ke2 h5 45. g4
1/2-1/2

[Event "1. liga V 24/25, Grygov-Duras"]
[Site ""]
[Date "2024.12.08"]
[Round "4.2"]
[White "Blahynka, Martin"]
[Black "Biolek, Richard"]
[Result "1/2-1/2"]
[WhiteFideId "334766"]
[BlackFideId "300756"]
[WhiteElo "2383"]
[BlackElo "2338"]
[PlyCount "0"]
[WhiteTeam "Duras Charlie's Street Brno"]
[BlackTeam "A64 PROCLIENT Grygov"]
[EventDate "2024.10.20"]

1. e4 d5 2. exd5 Nf6 3. d4 Bg4 4. f3 Bf5 5. g4 Bg6 6. c4 e6 7. Nc3 exd5 8. g5
Nh5 9. Nxd5 Bd6 10. Qe2+ Kf8 11. Be3 c6 12. Nc3 Na6 13. Nh3 Qa5 14. Qd2 Re8
15. c5 Nxc5 16. b4 Qxb4 17. dxc5 Bxc5 18. Ne4 Bxe4 19. Bxc5+ Qxc5 20. fxe4 Qe5
21. O-O-O Qa1+ 22. Kc2 Qxa2+ 23. Kc1 Qa1+ 24. Kc2 Qa2+ 25. Kc1 1/2-1/2

[Event "1. liga V 24/25, Grygov-Duras"]
[Site ""]
[Date "2024.12.08"]
[Round "4.3"]
[White "Obsivac, Josef"]
[Black "Vyskocil, Neklan"]
[Result "1/2-1/2"]
[WhiteFideId "303690"]
[BlackFideId "307106"]
[WhiteElo "2266"]
[BlackElo "2260"]
[PlyCount "0"]
[WhiteTeam "A64 PROCLIENT Grygov"]
[BlackTeam "Duras Charlie's Street Brno"]
[EventDate "2024.10.20"]

1. d4 Nf6 2. c4 e6 3. Nf3 d5 4. Nc3 Be7 5. cxd5 exd5 6. Qc2 O-O 7. Bg5 c6 8.
e3 Nbd7 9. Bd3 Re8 10. O-O Nf8 11. Ne5 Ng4 12. Bxe7 Qxe7 13. Nxg4 Bxg4 14.
Rfb1 Red8 15. h3 Bc8 16. Ne2 Rd6 17. Ng3 g6 1/2-1/2

[Event "1. liga V 24/25, Grygov-Duras"]
[Site ""]
[Date "2024.12.08"]
[Round "4.4"]
[White "Zpevak, Pavel"]
[Black "Bokhnak, Timofey"]
[Result "1/2-1/2"]
[WhiteFideId "300586"]
[BlackFideId "14172976"]
[WhiteElo "2278"]
[BlackElo "2235"]
[PlyCount "0"]
[WhiteTeam "Duras Charlie's Street Brno"]
[BlackTeam "A64 PROCLIENT Grygov"]
[EventDate "2024.10.20"]

1. d4 Nf6 2. Nf3 e6 3. c4 d5 4. g3 Bb4+ 5. Bd2 Be7 6. Bg2 c6 7. Qc2 Nbd7 8.
O-O O-O 9. Bf4 b6 10. cxd5 cxd5 11. Bc7 Qe8 12. Nc3 Bb7 13. Rfc1 Rc8 14. Bf4
b5 15. Qb3 a6 16. a4 1/2-1/2

[Event "1. liga V 24/25, Grygov-Duras"]
[Site ""]
[Date "2024.12.08"]
[Round "4.5"]
[White "Vaculik, Jakub"]
[Black "Chytilek, Roman"]
[Result "1/2-1/2"]
[WhiteFideId "344109"]
[BlackFideId "304980"]
[WhiteElo "2280"]
[BlackElo "2303"]
[PlyCount "0"]
[WhiteTeam "A64 PROCLIENT Grygov"]
[BlackTeam "Duras Charlie's Street Brno"]
[EventDate "2024.10.20"]

1. c4 e5 2. Nc3 Bb4 3. g3 Ne7 4. Bg2 Bxc3 5. bxc3 d6 6. d3 Nbc6 7. e4 O-O 8.
Ne2 f5 9. f3 Be6 10. Be3 Qd7 11. O-O b6 12. Qd2 fxe4 13. fxe4 Bh3 14. Rxf8+
Rxf8 15. Rf1 Rxf1+ 16. Kxf1 Be6 17. Ng1 Qe8 18. Nf3 h6 19. Ne1 Na5 20. Bf3 Kh7
1/2-1/2